[Event "Mont de Marsan Noel op 14th"]
[Site "Mont de Marsan"]
[Date "2017.12.26"]
[Round "1"]
[White "Jerez Perez, Alfonso"]
[Black "Laffonta, Matthias"]
[Result "1/2-1/2"]
[WhiteElo "2435"]
[BlackElo "1710"]
[PlyCount "113"]
[EventDate "2017.12.26"]
[EventType "swiss"]
[EventRounds "9"]
[EventCountry "FRA"]
[SourceTitle "EXT 2019"]
[Source "ChessBase"]
[SourceDate "2018.10.10"]
[SourceVersion "1"]
[SourceVersionDate "2018.10.10"]
[SourceQuality "1"]

1. e4 c5 2. Nf3 d6 3. d4 cxd4 4. Nxd4 Nf6 5. Nc3 a6 6. Be3 e6 7. g4 Be7 8. g5 Nfd7 9. h4 Qc7 10. Qd2 b5 11. 0-0-0 Bb7 12. f3 Nc6 13. Kb1 Nde5 14. f4 Nd7 15. f5 Nxd4 16. Qxd4 e5 17. Qd2 Rc8 18. h5 b4 19. Nd5 Bxd5 20. exd5 Qb7 21. Bh3 f6 22. h6 Bf8 23. g6 Nc5 24. Bxc5 Rxc5 25. hxg7 Bxg7 26. gxh7 Rxh7 27. Bg2 Rxh1 28. Rxh1 Kf8 29. Bf3 a5 30. Rh4 Qb5 31. Qe1 Qd7 32. Be4 Rc4 33. Bd3 Rxh4 34. Qxh4 Qa7 35. Qe1 Qd4 36. Be4 Bh6 37. c3 bxc3 38. bxc3 Qe3 39. Qxe3 Bxe3 40. Kc2 Ke7 41. Kd3 Bc5 42. a4 Kd7 43. Kc4 Bb6 44. Kb5 Bd8 45. Ka6 Kc8 46. Bd3 Bc7 47. c4 Bd8 48. Kb5 Kd7 49. Be4 Bc7 50. Bf3 Bd8 51. Ka6 Kc8 52. Be4 Bc7 53. c5 dxc5 54. Kb5 Kd7 55. Kxc5 Bd6+ 56. Kb5 Bb4 57. Kc4 1/2-1/2